00461 2200169 4500245007900000020002200079250001100101100002400112700002200136650001800158005001900176260004200195041001400237084001000251300002100261336000900282 aResep Makanan Oke Banget ala Hotel Bintang LimacJethro Ido PasaribuhText a978-979-22-8868-1 aCet. 1 aJethro Ido Pasaribu aIntarina Hardiman aResep Makanan a20241018133430 aJakartabGramedia Pustaka Utamac2012 aIndonesia a641.5 a66 hlm. :cilus. atext